000
00377nam a22001577a 4500
003
MPLRDC
005
20220104123946.0
008
210129b ||||| |||| 00| 0 eng d
082
_a
521.7 PJX
100
_a
彭驾辛编著
245
_a
课程的设计与评鉴
_c
260
_a
_b
台湾书店
_c
1970
300
_b
平
650
_a
学程; 课程
942
_c
BK
_o
521.7 PJX
999
_c
15538
_d
15528